000 01191nam a22003377a 4500
003 CHAP
005 20220329133236.0
008 971013s1981 r 00010 d
010 _a3825
011 _a4797
035 _a4001
040 _cCHAP
082 _a317.2 M4
_bJal.
110 _aMéxico. Coordinación General de los Servicios Nacionales de Estadística, Geografía e Informática
_976893
245 _aManual de estadísticas básicas del estado de Jalisco
260 _aMéxico, D. F. :
_bLa Coordinación,
_c1981
300 _a2 v.
500 _ac.c. Anuario estadístico de Jalisco
500 _aD51-152
590 _aBATCH-UPD
_b10
_c20130110
_lUCH01
_h2023
590 _aBATCH-UPD
_b10
_c20130410
_lUCH01
_h1341
590 _aBATCH-UPD
_b10
_c20130914
_lUCH01
_h1454
590 _aCONVERSION
_b10
_c20130109
_lUCH01
_h1303
650 1 4 _aAgricultura
_xEstadisticas
_zJalisco.
_91455
650 1 4 _aGanadería
_xEstadísticas
_zJalisco.
_944714
650 1 4 _aJalisco
_xEstadísticas.
_960966
901 _aBK
942 _cLIBRO
949 _a317.2 M4 Jal.
_bBC
_cC
_d33724000488029
_eC
_fv.2
_h56865
_i4001
_si
949 _a317.2 M4 Jal.
_bBC
_cC
_d33724000730750
_eC
_fv.1
_h56864
_i4001
_si
999 _c3825
_d3825